Eastern Utah Libraries Catalog: Duchesne, Heber, Roosevelt, & Vernal

Great expectations (Record no. 277911)

MARC details
000 -LEADER
fixed length control field 01259cgm a2200301 a 4500
005 - DATE AND TIME OF LATEST TRANSACTION
control field 20200320190049.0
007 - PHYSICAL DESCRIPTION FIXED FIELD--GENERAL INFORMATION
fixed length control field vd cvaizu
008 - FIXED-LENGTH DATA ELEMENTS--GENERAL INFORMATION
fixed length control field 120315s2012 vau e vleng d
024 1# - OTHER STANDARD IDENTIFIER
Standard number or code 841887016667
028 42 - PUBLISHER NUMBER
Publisher number MST64208
Source PBS
037 ## - SOURCE OF ACQUISITION
Stock number MST64208
Source of stock number/acquisition www.MicroMarketing.org 800-229-9887
Terms of availability 24.99
040 ## - CATALOGING SOURCE
Original cataloging agency MM LLC
Language of cataloging eng
Transcribing agency MM LLC
041 1# - LANGUAGE CODE
Language code of text/sound track or separate title eng
082 04 - DEWEY DECIMAL CLASSIFICATION NUMBER
Classification number 791.43
Edition number 23
245 00 - TITLE STATEMENT
Title Great expectations
Medium [videorecording] /
Statement of responsibility, etc by Charles Dickens; PBS Masterpiece Classics.
250 ## - EDITION STATEMENT
Edition statement Original UK ed.
260 ## - PUBLICATION, DISTRIBUTION, ETC. (IMPRINT)
Place of publication, distribution, etc Alexandria, VA :
Name of publisher, distributor, etc PBS,
Date of publication, distribution, etc 2012.
300 ## - PHYSICAL DESCRIPTION
Extent 1 videodisc (180 min.) :
Other physical details sd., col. ;
Dimensions 4 3/4 in.
520 ## - SUMMARY, ETC.
Summary, etc An orphan boy meets an escaped convict, a crazed rich woman, a bewitching girl, and grows up to have great expectations of wealth from a mysterious patron, in Great Expectations, Charles Dickens remarkable tale of rags to riches to self-knowledge.
521 8# - TARGET AUDIENCE NOTE
Target audience note MPAA rating: not rated.
538 ## - SYSTEM DETAILS NOTE
System details note DVD.
650 #0 - SUBJECT ADDED ENTRY--TOPICAL TERM
Topical term or geographic name as entry element Orphans
Form subdivision Drama.
9 (RLIN) 5712784
650 #0 - SUBJECT ADDED ENTRY--TOPICAL TERM
Topical term or geographic name as entry element Closed captioning.
9 (RLIN) 81579
710 2# - ADDED ENTRY--CORPORATE NAME
Corporate name or jurisdiction name as entry element Public Broadcasting System. (Firm)
9 (RLIN) 5871606
942 ## - ADDED ENTRY ELEMENTS (KOHA)
Koha item type DVD
948 ## - LOCAL PROCESSING INFORMATION (OCLC); SERIES PART DESIGNATOR (RLIN)
Series part designator, SPT (RLIN) 06/05/2012
z (OCLC) Sirsi
996 ## -
-- 90995
-- 34301001074709
-- DVD
-- DVD
-- wcl
-- i
-- 41
-- 29.95
-- micro
-- Gre
-- 06/05/2012
-- 04/08/2019
-- 03/30/2019
Holdings
Withdrawn status Lost status Source of classification or shelving scheme Damaged status Not for loan Collection code Home library Current library Shelving location Date acquired Source of acquisition Cost, normal purchase price Total Checkouts Total Renewals Full call number Barcode Date last seen Date checked out Cost, replacement price Price effective from Koha item type
    Dewey Decimal Classification     Movies Wasatch County Library Wasatch County Library Audio Visual Area 06/05/2012   29.95 48 9 DVD Gre 34301001074709 06/19/2025 05/31/2025 29.95 03/20/2020 DVD
This project was made possible through a grant from the Institute of Museum and Library Service administered by the Utah State Library Division.

Wasatch County Library

  • 465 East 1200 South, Heber City, Utah 84032
  • Phone 435-654-1511 | Fax 435-654-6456

Hours

  • Monday - Friday 9:30 AM - 8:00 PM
  • Saturday 9:30 AM - 1:30 PM
  • Closed Sundays and Holidays